<?xml version="1.0" encoding="UTF-8"?>
<record
    xmlns:xsi="http://www.w3.org/2001/XMLSchema-instance"
    xsi:schemaLocation="http://www.loc.gov/MARC21/slim http://www.loc.gov/standards/marcxml/schema/MARC21slim.xsd"
    xmlns="http://www.loc.gov/MARC21/slim">

  <leader>01092cam a2200301 i 4500</leader>
  <controlfield tag="001">19270631</controlfield>
  <controlfield tag="003">OSt</controlfield>
  <controlfield tag="005">20231005150357.0</controlfield>
  <controlfield tag="008">160825s2017    miu      b    001 0 eng c</controlfield>
  <datafield tag="010" ind1=" " ind2=" ">
    <subfield code="a">  2016039056</subfield>
  </datafield>
  <datafield tag="020" ind1=" " ind2=" ">
    <subfield code="a">9780310524175 (hardcover)</subfield>
  </datafield>
  <datafield tag="040" ind1=" " ind2=" ">
    <subfield code="a">NcWfSB/DLC</subfield>
    <subfield code="b">eng</subfield>
    <subfield code="c">NcWfSB</subfield>
    <subfield code="e">rda</subfield>
    <subfield code="d">DLC</subfield>
  </datafield>
  <datafield tag="042" ind1=" " ind2=" ">
    <subfield code="a">pcc</subfield>
  </datafield>
  <datafield tag="050" ind1="0" ind2="0">
    <subfield code="a">BS476</subfield>
    <subfield code="b">.K545 2017</subfield>
  </datafield>
  <datafield tag="082" ind1="0" ind2="0">
    <subfield code="a">220.601</subfield>
    <subfield code="2">23</subfield>
  </datafield>
  <datafield tag="100" ind1="1" ind2=" ">
    <subfield code="a">Klein, William W.</subfield>
    <subfield code="q">(William Wade),</subfield>
    <subfield code="e">author</subfield>
    <subfield code="9">55358</subfield>
  </datafield>
  <datafield tag="245" ind1="1" ind2="0">
    <subfield code="a">Introduction to biblical interpretation /</subfield>
    <subfield code="c">William W. Klein, Craig L. Blomberg, Robert L. Hubbard, Jr.</subfield>
  </datafield>
  <datafield tag="250" ind1=" " ind2=" ">
    <subfield code="a">Third edition.</subfield>
  </datafield>
  <datafield tag="260" ind1=" " ind2=" ">
    <subfield code="a">Grand Rapids, MI : </subfield>
    <subfield code="b">Zondervan Academic, </subfield>
    <subfield code="c">c2017.</subfield>
  </datafield>
  <datafield tag="300" ind1=" " ind2=" ">
    <subfield code="a">718 pages ;</subfield>
    <subfield code="c">24 cm</subfield>
  </datafield>
  <datafield tag="504" ind1=" " ind2=" ">
    <subfield code="a">Includes bibliography and indexes.</subfield>
  </datafield>
  <datafield tag="630" ind1="0" ind2="0">
    <subfield code="a">Bible</subfield>
    <subfield code="x">Hermeneutics.</subfield>
  </datafield>
  <datafield tag="700" ind1="1" ind2=" ">
    <subfield code="a">Blomberg, Craig L.,</subfield>
    <subfield code="d">1955-</subfield>
    <subfield code="e">author.</subfield>
    <subfield code="9">55359</subfield>
  </datafield>
  <datafield tag="700" ind1="1" ind2=" ">
    <subfield code="a">Hubbard, Robert L.,</subfield>
    <subfield code="c">Jr.,</subfield>
    <subfield code="d">1943-</subfield>
    <subfield code="e">author.</subfield>
    <subfield code="9">55360</subfield>
  </datafield>
  <datafield tag="906" ind1=" " ind2=" ">
    <subfield code="a">7</subfield>
    <subfield code="b">cbc</subfield>
    <subfield code="c">orignew</subfield>
    <subfield code="d">1</subfield>
    <subfield code="e">ecip</subfield>
    <subfield code="f">20</subfield>
    <subfield code="g">y-gencatlg</subfield>
  </datafield>
  <datafield tag="942" ind1=" " ind2=" ">
    <subfield code="2">lcc</subfield>
    <subfield code="c">BK</subfield>
  </datafield>
  <datafield tag="999" ind1=" " ind2=" ">
    <subfield code="c">67689</subfield>
    <subfield code="d">67663</subfield>
  </datafield>
  <datafield tag="952" ind1=" " ind2=" ">
    <subfield code="0">0</subfield>
    <subfield code="1">0</subfield>
    <subfield code="2">lcc</subfield>
    <subfield code="4">0</subfield>
    <subfield code="7">0</subfield>
    <subfield code="8">GEN</subfield>
    <subfield code="a">CPL</subfield>
    <subfield code="b">CPL</subfield>
    <subfield code="c">GEN</subfield>
    <subfield code="d">2023-10-05</subfield>
    <subfield code="e">Purchase - ACTS Bookshop</subfield>
    <subfield code="g">26.57</subfield>
    <subfield code="l">7</subfield>
    <subfield code="m">1</subfield>
    <subfield code="o">BS 476.K545 2017</subfield>
    <subfield code="p">T16762W3232</subfield>
    <subfield code="r">2025-09-15 08:22:02</subfield>
    <subfield code="s">2025-09-05</subfield>
    <subfield code="t">1</subfield>
    <subfield code="w">2023-10-05</subfield>
    <subfield code="y">RES-MAIN-C</subfield>
  </datafield>
  <datafield tag="952" ind1=" " ind2=" ">
    <subfield code="0">0</subfield>
    <subfield code="1">0</subfield>
    <subfield code="2">lcc</subfield>
    <subfield code="4">0</subfield>
    <subfield code="7">0</subfield>
    <subfield code="8">GEN</subfield>
    <subfield code="a">CPL</subfield>
    <subfield code="b">CPL</subfield>
    <subfield code="c">GEN</subfield>
    <subfield code="d">2023-10-05</subfield>
    <subfield code="e">Purchase - ACTS Bookshop</subfield>
    <subfield code="g">26.57</subfield>
    <subfield code="l">6</subfield>
    <subfield code="m">1</subfield>
    <subfield code="o">BS 476.K545 2017</subfield>
    <subfield code="p">T16763W3232</subfield>
    <subfield code="r">2025-12-11 14:48:05</subfield>
    <subfield code="s">2025-11-14</subfield>
    <subfield code="t">2</subfield>
    <subfield code="w">2023-10-05</subfield>
    <subfield code="y">BK</subfield>
  </datafield>
</record>
